NHL,NBA,NFL,MLB and MLS Teams In California - Statistics

General Stats
  • This quiz has been taken 400 times
    399 since last reset
  • The average score is 15 of 18
Answer Stats
Hint Answer % Correct
NBA Los Angeles L----- Lakers
99%
NBA Golden State Warriors
97%
NBA Los Angeles C------- Clippers
95%
NBA Sacremento Kings
95%
NFL San Fransisco 49ers
93%
MLB Los Angeles A----- Angels
92%
NHL Anaheim Ducks
92%
NFL Oakland Raiders
92%
MLB Los Angeles D------ Dodgers
91%
NHL Los Angeles Kings
91%
NHL San Jose Sharks
91%
NFL San Diego Chargers
86%
MLB San Diego Padres
84%
MLB Oakland Athletics
83%
MLB San Fransisco Giants
83%
MLS Los Angeles G----- Galaxy
74%
MLS San Jose Earthquakes
60%
MLS Los Angeles C----- --- Chivas USA
31%
No matching quizzes found
Score Distribution
Percent of People with Each Score
Percentile by Number Answered
Your Score History
You have not taken this quiz since the last reset